Die landwirtschaftlichen betriebssysteme. (Record no. 7350)

MARC details
000 -LEADER
fixed length control field 00898cam a22002291 4500
001 - CONTROL NUMBER
control field agr06001606
003 - CONTROL NUMBER IDENTIFIER
control field DLC
005 - DATE AND TIME OF LATEST TRANSACTION
control field 20260227110924.0
008 - FIXED-LENGTH DATA ELEMENTS--GENERAL INFORMATION
fixed length control field 860204s1905 gw b 000 0 ger
010 ## - LIBRARY OF CONGRESS CONTROL NUMBER
LC control number agr06001606
035 ## - SYSTEM CONTROL NUMBER
System control number (OCoLC)13106238
040 ## - CATALOGING SOURCE
Original cataloging agency DLC
Transcribing agency CU
Modifying agency DLC
043 ## - GEOGRAPHIC AREA CODE
Geographic area code e-gx---
050 00 - LIBRARY OF CONGRESS CALL NUMBER
Classification number S573
Item number .S38
100 1# - MAIN ENTRY--PERSONAL NAME
Personal name Schwonder, Adolf Ferdinand Paul Kurt,
Dates associated with a name 1879-
245 14 - TITLE STATEMENT
Title Die landwirtschaftlichen betriebssysteme.
Remainder of title Eine kritik der verschiedenen einteilungen und vorschläge zu einer neueinteilung, begründet durch die wirtschaftsweise auf dem gute Wermten und der herrschaft Friedrichstein ...
260 ## - PUBLICATION, DISTRIBUTION, ETC.
Place of publication, distribution, etc. Königsberg i. Pr.,
Name of publisher, distributor, etc. Buchdruckerei R. Leupold,
Date of publication, distribution, etc. 1905.
300 ## - PHYSICAL DESCRIPTION
Extent 2 p.l., 140 p., 2 l.
Other physical details 2 fold, diagr.
Dimensions 22 cm.
502 ## - DISSERTATION NOTE
Dissertation note Inaug.-diss.--Königsberg.
504 ## - BIBLIOGRAPHY, ETC. NOTE
Bibliography, etc. note "Benutzte literatur": p. 138-140.
650 #0 - SUBJECT ADDED ENTRY--TOPICAL TERM
Topical term or geographic name entry element Agriculture
General subdivision Economic aspects
Geographic subdivision Germany.

No items available.

Powered by Koha